000 00272nam a2200109Ia 4500
008 230312s9999||||xx |||||||||||||| ||und||
082 _a759.95491
_bTSE-T
100 _aTseng:alice y.
245 4 _aThe imperial museums of meiji japan
650 _aArchitecture
942 _cBK
999 _c14511
_d14511